| 000 | 00855nam a2200181Ia 4500 | ||
|---|---|---|---|
| 008 | 100920s9999 xx 000 0 und d | ||
| 082 |
_b67642 _a51 थ 73 |
||
| 100 | _aसंपादक-पठाण यू. म., राठोड उत्तमराव, कुरुंदकर नरहर, राठोड राजाराम, पुरी सुरेश. | ||
| 245 | _aहिरवी िक्षतिजे. | ||
| 260 |
_bवसंतराव नाईक कृषि-संशोधन व ग्रामीण विकास प्रतिष्ठान, मुंबई. _c1973 |
||
| 300 |
_a316 _bसाधी |
||
| 365 | _b60 | ||
| 520 | _aचरित्र. | ||
| 630 | _aहिरवी िक्षतिजे. | ||
| 650 | _aचरित्र. | ||
| 730 | _aहिरवी िक्षतिजे. | ||
| 942 | _cBOOK | ||
| 999 |
_c710078 _d710075 |
||